000 00291nam a22001337a 4500
008 181203b xxu||||| |||| 00| 0 eng d
020 _a394331060
041 _aeng
080 _22nd
_a330
100 _a52
101 _aEKO
245 _aThe Economy Today
_cSchiller,B.R
942 _2udc
_cBK
999 _c52745
_d52745